000 00597cam a22002171i 4500
001 sa 65001571
003 DLC
005 20260227112110.0
008 870325s1964 io 000 0 ind
010 _asa 65001571
035 _a(OCoLC)15368458
040 _aDLC
_cOAU
_dDLC
042 _apremarc
043 _aa-io---
050 0 0 _aDS644
_b.A682
100 1 _aAidit, D. N.,
_d1923-1965.
245 1 0 _aKibarkan tinggi pandji revolusi /
_cD.N. Aidit.
260 _aDjakarta :
_bJajasan Pembaruan,
_c1964.
300 _a144 p. ;
_c21 cm.
651 0 _aIndonesia
_xHistory
_yRevolution, 1945-1949.
999 _c62114
_d62114